000 00645nam a2200145 a 4500
008 120416s1968 ||||||||||||||||| || u
050 _aHF 5438 Mac
100 _aMcMurry, Robert N
245 1 0 _aHow to build a dynamic sales organization
260 _aNew York
_bMcGraw-Hill
_c1968
300 _axiii, 254 pages
350 _a0.00
995 _aMAIN LIBRARY OPEN ACCESS
_D0.00
_e004950
_FCBU-MAIN LIBRARY (Kitwe)
_H1
_I14.95
_jHF 5438 Mac
_UAVAILABLE
_y004950
_ZMain Library Open Access Collection
995 _aMAIN LIBRARY OPEN ACCESS
_D0.00
_e004949
_FCBU-MAIN LIBRARY (Kitwe)
_H2
_I14.95
_jHF 5438 Mac
_UAVAILABLE
_y004949
_ZMain Library Open Access Collection
999 _c76362
_d76362